000 01160nam a2200157 4500
008 708 P892d
020 _a9788445727010
082 _a708
_bP892d
100 _aPoyo, Txuspo
_95744
245 _aDelay Glass 18201046-L
260 _aPaís Vasco
_bServicios Central de Publicaciones del Gobierno Vasco
_c2008
300 _a163 p.
_bill (col)
_c21 x 15 cm
505 _tRetardo en vídeo
_tAtzerapena Bideoan
_tDelay in vídeo
_tDelay Glass 1
_tDelay Glass 2
_tTexto Javier San Martín
_t"Vacaciones en el pasado"
_tUnion d`intellectuels
_tÉtant donnés...
_tLa novia desde abajo
_tFracasos y mates
_t"Pour copie conforme"
_tLa Mariée animada
_tAnémico
_tITZULPENAK
_t"Oporrak iraganean"
_tUnion d´intellectuels
_tÉtant donnés...
_tAndregaia behetik
_tPorrotak eta mateak
_t"Pour copie conforme"
_tLa Mariée biziduna
_tAnémikoa
_tTRANSLATIONS
_t"Holidays into de past"
_tUnion d´intellectuels
_tÉtant donnés...
_tThe bride fom below
_tFailures and checkmates
_t"Pour copie conforme"
_tLa Mariée in animated version
_tAnémic
_tASOCIACIONES LIBRES
_tCRÉDITOS
650 _xarte contemporáneo
_xarte - exhibiciones
_xEspaña
_xvideoarte
_96723
700 _aSan Martín, Francisco Javier
_96724
999 _c1635
_d1635